000 00602nam a22002057a 4500
999 _c8090
_d8090
001 8090
003 BD-JhCC
005 20181001173424.0
008 180218b1976 bg ||||| |||| 00| 0 ben d
035 _a(BD-JhCC)8090
040 _aBD-JhCC
_dBD-JhCC
041 _aeng
082 _a909
_bMOZ 1976
100 _aমজুমদার, শ্রীসুবোধচন্দ্র
245 _aবিশ্ব পরিচয় /
_cশ্রীসুবোধচন্দ্র মজুমদার
300 _a613 p. :
_c22 cm.
650 _aWorld history
942 _2ddc
_cBK